| 000 | 00653nam a22001577a 4500 | ||
|---|---|---|---|
| 003 | OSt | ||
| 005 | 20151202154959.0 | ||
| 008 | 151202b xxu||||| |||| 00| 0 eng d | ||
| 040 | _cRUA | ||
| 082 | _aFIS HEN 2002 B174 Or.1 | ||
| 100 |
_94164 _aHENG, SAVIN. |
||
| 245 | _aSemi-artifical breeding of barbodes altus using suprefact ovaprim and lhrha, បច្ចេកទេសផលិតពុជត្រីកាហែបែបពាក់កណ្តាលសិប្បនិម្មិតដោយប្រើអ័រម៉ូន Suprefact ovaprim and lhrha | ||
| 260 |
_aPhnom penh _bRUA _c2002 |
||
| 300 |
_a38p. _bill. _c29cm. |
||
| 942 |
_2ddc _cFIS |
||
| 999 |
_c3878 _d3878 |
||